Estadísticas para Top 10 países en producción de electricidad renovable

Haz click aquí para intentar la prueba.

Estadísticas generales

  • Esta prueba ha sido intentada 71 veces
  • La puntuación promedio es 9 de 10

Estadísticas de respuestas

GWhPaís% Correcto
6,217,907China
99%
4,322,038Estados Unidos
97%
649,119Alemania
94%
556,184Francia
93%
1,057,976Japón
91%
667,438Canada
90%
1,090,973Rusia
90%
578,889Brasil
87%
1,477,564India
84%
562,603Corea del Sur
66%

Distribución de puntuación

Porcentaje por número respondido

Porcentaje de gente con cada puntuación

Historial de tus puntuaciones

No has intentado esta prueba.